Datum a čas kvízu

14 Celkem bodů Celkový počet nahraných bodů na tomto kvízu bez doplňovacích otázek.
5. Pořadí na kvízu Konečné umístění týmu na tomto kvízu.

Zaznamenané odpovědi

# Otázka Odpověď Body Výsledky
1. Český premiér jednal ve středu... 0
2. Kanadská vláda se minulou stře... 0
3. Když vznikal seriál Most!, jeh... 1
4. McDonald's přišel o ochrannou... 1
5. Nadnárodní výrobce sportovního... 0
6. V tomto tématu Vás čeká pět vý... 0
7. Z níže vypsaných měst leží nej... 0
8. Z níže vypsaných děl vyberte j... 1
9. Které z těchto zvířat je sudo... 0
10. Které z těchto příjmení je v Č... 0